000 01097nam a2200337 a 4500
001 000016708
003 DO-SdBNP
005 20180316143908.0
007 000016708
008 100310s1993 dr a 000 0 spa d
040 _aBPMSU
_bspa
_cBPMSU
082 _a510
_bC352m
100 1 _aCastillo Prince, Francia
245 1 0 _aMatemática básica /
_cFrancia Castillo Prince.
260 _aSanto Domingo :
_bUNPHU,
_c1993
300 _a375 p. :
_bil. ;
_c22 cm.
504 _aBibliografía: p. 375
650 4 _aMATEMÁTICAS
_xPROBLEMAS Y EJERCICIOS, ETC.
650 4 _aTEORÍA DE LOS NÚMEROS
_xPROBLEMAS Y EJERCICIOS, ETC.
650 4 _aFRACCIONES
_xPROBLEMAS Y EJERCICIOS, ETC.
650 4 _aPOLINOMIOS
_xPROBLEMAS Y EJERCICIOS, ETC.
710 2 _aUniversidad Nacional Pedro Henríquez Ureña
910 _aValidado. Control de calidad BNPHU
930 1 _l
_m
_h
_8
_f
_p
_g
942 _2ddc
_cBK
945 _aRemanejado para la BNPHU, 2018 / BT
956 _a
_b
_c
_l
_h
956 _a
_b
_c
_l
_h
956 _a
_b
_c
_l
_h
956 _aVMATEO
_b10
_c20150903
_lBPMSU
_h00151
999 _c7485
_d7485